000 00304nam a22001217a 4500
008 160613b xxu||||| |||| 00| 0 eng d
020 _a9780397548231
020 _a0397548230
041 _aeng
080 _a618.2
245 _aTheoretical nursing development progress:
_cAfaf I. Meleis;
942 _2udc
_cBK
999 _c2440
_d2440